[Event "Petrov Memorial Rapid 2014"]
[Site "Jurmala LAT"]
[Date "2014.02.22"]
[Round "7.5"]
[White "Sveshnikov, Vladimir"]
[Black "Maiorov, Nikita1"]
[Result "1/2-1/2"]
[WhiteElo "2394"]
[BlackElo "2529"]
[PlyCount "93"]
[EventDate "2014.02.21"]

1. d4 Nf6 2. c3 e6 3. Bg5 h6 4. Bh4 d5 5. e3 c5 6. Nd2 Be7 7. Bd3 b6 8. Ngf3
Nbd7 9. O-O Bb7 10. Qe2 Ne4 11. Bxe7 Qxe7 12. Ba6 Bxa6 13. Qxa6 O-O 14. Nxe4
dxe4 15. Nd2 f5 16. Nc4 Rfc8 17. Rac1 Rc7 18. Rfd1 Rac8 19. d5 exd5 20. Rxd5
Nf6 21. Rd2 Rd8 22. Rcd1 Rxd2 23. Rxd2 Rd7 24. Qc8+ Qf8 25. Qxf8+ Kxf8 26. Rxd7
Nxd7 27. h3 Ke7 28. Kh2 Ke6 29. g4 fxg4 30. hxg4 b5 31. Nd2 Kd5 32. Kg3 Ne5 33.
b3 c4 34. b4 Nd3 35. f3 exf3 36. Kxf3 g6 37. e4+ Ke5 38. Ke3 Kf6 39. a4 a6 40.
axb5 axb5 41. Nf3 Ne5 42. g5+ hxg5 43. Nd4 Ng4+ 44. Kf3 Ne5+ 45. Ke3 Ng4+ 46.
Kf3 Ne5+ 47. Ke3 1/2-1/2

[Event "Petrov Memorial Rapid 2014"]
[Site "Jurmala LAT"]
[Date "2014.02.22"]
[Round "8.1"]
[White "Aleksandrov, Aleksej"]
[Black "Megaranto, Susanto"]
[Result "1-0"]
[WhiteElo "2569"]
[BlackElo "2529"]
[PlyCount "103"]
[EventDate "2014.02.21"]

1. d4 Nf6 2. c4 e6 3. Nc3 Bb4 4. e3 O-O 5. Bd3 d5 6. cxd5 exd5 7. Nge2 c5 8. a3
cxd4 9. axb4 dxc3 10. Nxc3 Nc6 11. b5 Ne5 12. Be2 Be6 13. Qd4 Qb8 14. b3 Ng6
15. O-O a6 16. Bb2 Rd8 17. Rfd1 h6 18. h3 Ne7 19. Qb4 Nf5 20. Bf3 a5 21. Rxa5
Rxa5 22. Qxa5 d4 23. Ne4 Nxe4 24. Bxe4 Bxb3 25. Rd2 b6 26. Qb4 dxe3 27. fxe3
Rxd2 28. Qxd2 Be6 29. Qd3 Qc8 30. Bc6 f6 31. Ba3 Qc7 32. Qe4 Kf7 33. Be8+ Kxe8
34. Qxe6+ Ne7 35. Bxe7 Qxe7 36. Qxb6 Qe5 37. Qc6+ Kf8 38. Kf2 Qf5+ 39. Ke2 Qh5+
40. Kd2 Qh4 41. b6 Qf2+ 42. Kd3 Qf1+ 43. Kd4 Qd1+ 44. Kc5 Qa1 45. b7 Qc3+ 46.
Kb6 Qb4+ 47. Qb5 Qd6+ 48. Ka7 Qa3+ 49. Kb6 Qd6+ 50. Qc6 Qb4+ 51. Kc7 Qe7+ 52.
Kc8 1-0

[Event "Petrov Memorial Rapid 2014"]
[Site "Jurmala LAT"]
[Date "2014.02.22"]
[Round "8.3"]
[White "Lavendelis, Egons"]
[Black "Gleizerov, Evgeny"]
[Result "1/2-1/2"]
[WhiteElo "2317"]
[BlackElo "2531"]
[PlyCount "145"]
[EventDate "2014.02.21"]

1. e4 e6 2. f4 d5 3. e5 c5 4. Nf3 Nc6 5. c3 Nge7 6. Na3 Nf5 7. Bd3 Be7 8. Bxf5
exf5 9. Nc2 d4 10. d3 Be6 11. O-O O-O 12. Re1 Qd7 13. c4 a6 14. b3 b5 15. Ng5
bxc4 16. bxc4 Rab8 17. Nxe6 fxe6 18. Ba3 Kh8 19. Qf3 Nb4 20. Bxb4 cxb4 21. Rab1
a5 22. h3 g5 23. g3 Rg8 24. Kh2 a4 25. Qf2 Bc5 26. Re2 Qg7 27. Ne1 Qh6 28. fxg5
Rxg5 29. Qf4 Qh5 30. Qf3 Qg6 31. Ng2 Rg8 32. Nf4 Qg7 33. Nxe6 Rxg3 34. Nxg7
Rxf3 35. Ne6 Ba7 36. Rxb4 Rxd3 37. c5 Rd1 38. Rxd4 Rxd4 39. Nxd4 f4 40. Rf2
Bxc5 41. Rxf4 Re8 42. Nf3 a3 43. Rc4 Bf8 44. Kg3 Rb8 45. Ng5 Be7 46. Ne6 Kg8
47. Nd4 Rb2 48. Nf5 Bg5 49. e6 h6 50. Rc8+ Kh7 51. e7 Bxe7 52. Nxe7 Rxa2 53.
Ra8 Ra1 54. Nd5 a2 55. Kh2 Rd1 56. Ra7+ Kg6 57. Ne7+ Kf6 58. Ng8+ Kg6 59. Rxa2
Rd6 60. Rf2 Re6 61. h4 h5 62. Rg2+ Kf7 63. Rg5 Ra6 64. Kg3 Ra3+ 65. Kf2 Ra4 66.
Kg3 Ra3+ 67. Kf2 Ra4 68. Nh6+ Kf6 69. Rb5 Rxh4 70. Kg3 Ra4 71. Nf5 Rg4+ 72. Kh3
Rg5 73. Kh4 1/2-1/2

[Event "Petrov Memorial Rapid 2014"]
[Site "Jurmala LAT"]
[Date "2014.02.22"]
[Round "8.4"]
[White "Dobrov, Vladimir"]
[Black "Neiksans, Arturs"]
[Result "0-1"]
[WhiteElo "2511"]
[BlackElo "2560"]
[PlyCount "180"]
[EventDate "2014.02.21"]

1. d4 f5 2. g3 Nf6 3. c4 d6 4. Nf3 g6 5. b4 Bg7 6. Bb2 O-O 7. Bg2 c5 8. dxc5
dxc5 9. Qxd8 Rxd8 10. b5 a6 11. O-O Be6 12. Ng5 Bxc4 13. Na3 Bxe2 14. Rfe1 Rd2
15. Bc3 Rd3 16. Rac1 axb5 17. Nxb5 Rxa2 18. Ne6 Bh6 19. f4 Nbd7 20. Bxb7 Bf3
21. Bxf3 Rxf3 22. Ra1 Rff2 23. Rxa2 Rxa2 24. Rd1 Re2 25. Nbc7 c4 26. Rd4 Re4
27. Rd1 Re3 28. Bd4 Rd3 29. Rc1 Nf8 30. Bxf6 Nxe6 31. Nxe6 exf6 32. Rxc4 Rd7
33. Rc8+ Kf7 34. Nd8+ Kg7 35. h4 Re7 36. Kf2 g5 37. Nc6 Rd7 38. Ke3 gxf4+ 39.
gxf4 Kg6 40. Rg8+ Kh5 41. Rg1 Rc7 42. Nd4 Rc3+ 43. Kd2 Rc4 44. Kd3 Ra4 45. Nxf5
Rxf4 46. Ng3+ Kxh4 47. Ne4 Kh5 48. Rg8 Bg5 49. Ke3 Rf1+ 50. Ke2 Ra1 51. Kf3
Ra3+ 52. Kg2 Ra4 53. Kf3 Ra3+ 54. Kg2 h6 55. Rf8 Kg6 56. Ng3 Ra2+ 57. Kf3 Ra3+
58. Kg2 Bf4 59. Ne4 Be5 60. Rg8+ Kf5 61. Nf2 Ra2 62. Kf3 Ra3+ 63. Kg2 h5 64.
Rh8 Kg6 65. Rg8+ Kh7 66. Rd8 Kg7 67. Nd3 Kg6 68. Kf3 Kf5 69. Kg2 h4 70. Nf2 h3+
71. Kf1 h2 72. Rh8 Ra1+ 73. Kg2 Rg1+ 74. Kf3 Rg3+ 75. Ke2 Rg5 76. Kf3 Rg3+ 77.
Ke2 Rg7 78. Kf3 Ra7 79. Kg2 Ra3 80. Rh5+ Ke6 81. Ne4 Ra2+ 82. Kf3 Ra3+ 83. Kg2
Ra2+ 84. Kf3 Rb2 85. Rh6 Kf5 86. Rh5+ Kg6 87. Rh4 Rb3+ 88. Kg2 Rb4 89. Rg4+ Kf5
90. Nxf6 Rb2+ 0-1

[Event "Petrov Memorial Rapid 2014"]
[Site "Jurmala LAT"]
[Date "2014.02.22"]
[Round "8.5"]
[White "Ehlvest, Jaan"]
[Black "Miezis, Normunds"]
[Result "0-1"]
[WhiteElo "2565"]
[BlackElo "2548"]
[PlyCount "64"]
[EventDate "2014.02.21"]

1. d4 Nf6 2. Bg5 d5 3. e3 Nbd7 4. Nd2 e5 5. c3 h6 6. Bh4 Bd6 7. Ngf3 e4 8. Ng1
c6 9. Ne2 Nf8 10. c4 Ng6 11. Bg3 O-O 12. Nc3 Bxg3 13. hxg3 Bg4 14. Qb3 Rb8 15.
f3 dxc4 16. Bxc4 b5 17. Bxf7+ Rxf7 18. fxg4 Nxg4 19. Ncxe4 Qd5 20. Rc1 Ne7 21.
Ke2 Nf5 22. Rc5 Qxb3 23. axb3 Ngxe3 24. Kd3 Rd8 25. Nf3 Nxg2 26. Rh2 Nxg3 27.
Ned2 Nf4+ 28. Kc2 Nd5 29. Ne5 Rf6 30. Rh3 Ne2 31. Ne4 Nxd4+ 32. Kd2 Re6 0-1

[Event "Petrov Memorial Rapid 2014"]
[Site "Jurmala LAT"]
[Date "2014.02.22"]
[Round "9.1"]
[White "Fedorchuk, Sergey A"]
[Black "Megaranto, Susanto"]
[Result "1-0"]
[WhiteElo "2641"]
[BlackElo "2529"]
[PlyCount "77"]
[EventDate "2014.02.21"]

1. e4 Nf6 2. e5 Nd5 3. d4 d6 4. Nf3 Bg4 5. Be2 e6 6. O-O Be7 7. exd6 cxd6 8. h3
Bh5 9. c4 Nf6 10. Nc3 O-O 11. Bf4 Nbd7 12. Rc1 a6 13. Bh2 Rc8 14. b3 Nb8 15.
Re1 d5 16. c5 Bxf3 17. Bxf3 Nc6 18. a3 Ne8 19. b4 Bf6 20. Ne2 Nc7 21. Rc3 b5
22. cxb6 Nb5 23. b7 Nxc3 24. bxc8=Q Nxe2+ 25. Bxe2 Qxc8 26. Bd6 Be7 27. Bc5
Bxc5 28. dxc5 Qb7 29. Qd3 Ra8 30. Rb1 Qc7 31. a4 a5 32. b5 Nb4 33. Qc3 Rc8 34.
b6 Qe7 35. Rxb4 axb4 36. Qxb4 Rxc5 37. Bf1 Rc7 38. bxc7 Qxc7 39. a5 1-0

[Event "Petrov Memorial Rapid 2014"]
[Site "Jurmala LAT"]
[Date "2014.02.22"]
[Round "9.2"]
[White "Neiksans, Arturs"]
[Black "Aleksandrov, Aleksej"]
[Result "1/2-1/2"]
[WhiteElo "2560"]
[BlackElo "2569"]
[PlyCount "97"]
[EventDate "2014.02.21"]

1. e4 e5 2. Nf3 Nc6 3. Bb5 Nf6 4. d3 d6 5. O-O Bd7 6. c3 g6 7. Re1 Bg7 8. d4
O-O 9. Bg5 h6 10. Bh4 Qe8 11. Na3 Nh5 12. Bxc6 Bxc6 13. dxe5 dxe5 14. Nc4 a5
15. Qc2 Qe6 16. Ne3 Nf4 17. Bg3 Rfd8 18. Bxf4 exf4 19. Nf1 g5 20. h3 Rd7 21.
N1d2 a4 22. e5 Re8 23. Nd4 Qg6 24. Qxg6 fxg6 25. e6 Rdd8 26. N2f3 Bd5 27. Rad1
Bxa2 28. Ra1 Bd5 29. Rxa4 c5 30. c4 cxd4 31. cxd5 Rxd5 32. Rb4 b5 33. Rb3 h5
34. Rd3 g4 35. hxg4 hxg4 36. Nh2 Rg5 37. Re4 g3 38. fxg3 fxg3 39. Nf3 Rc5 40.
Kf1 Rc2 41. Rd2 Rxd2 42. Nxd2 Kf8 43. Ke2 Ke7 44. Nf3 Rc8 45. Kd3 Rc1 46. Rg4
Rd1+ 47. Kc2 Rf1 48. Rxg3 Rf2+ 49. Kd3 1/2-1/2

[Event "Petrov Memorial Rapid 2014"]
[Site "Jurmala LAT"]
[Date "2014.02.22"]
[Round "9.3"]
[White "Miezis, Normunds"]
[Black "Maiorov, Nikita1"]
[Result "1/2-1/2"]
[WhiteElo "2548"]
[BlackElo "2529"]
[PlyCount "160"]
[EventDate "2014.02.21"]

1. c4 e5 2. Nc3 Nc6 3. g3 Bc5 4. Bg2 d6 5. e3 a6 6. Nge2 Nge7 7. b3 Ba7 8. Bb2
O-O 9. O-O Bf5 10. d3 Qd7 11. Nd5 Nxd5 12. cxd5 Ne7 13. d4 f6 14. Rc1 Rac8 15.
dxe5 fxe5 16. Nc3 Kh8 17. Ne4 h6 18. Qd2 Ng8 19. Qb4 Bb6 20. a4 a5 21. Qd2 Nf6
22. Nxf6 Rxf6 23. Bc3 Ra8 24. Rce1 Rf7 25. f4 e4 26. Kh1 c6 27. g4 Bxg4 28.
Bxe4 Re7 29. Bg2 Rae8 30. dxc6 bxc6 31. e4 d5 32. f5 d4 33. Bxa5 Bxa5 34. Qxa5
d3 35. Qd2 Be2 36. Rf4 Qd4 37. Rxe2 dxe2 38. Qxe2 Rd8 39. Rf1 Qc3 40. h3 Rd2
41. Qg4 Qe5 42. Qg6 Rd6 43. Qg4 Rd3 44. b4 Red7 45. b5 cxb5 46. axb5 Qxb5 47.
f6 gxf6 48. Qg6 Qg5 49. Qe8+ Kg7 50. Rg1 Rd8 51. Qe7+ Kh8 52. Bf1 R3d7 53. Qe6
Qf4 54. Be2 Rd4 55. Rg4 Qf2 56. Rg1 R4d6 57. Qf7 R6d7 58. Qg6 Qf4 59. Rg4 Qf2
60. Rg2 Rd1+ 61. Bxd1 Rxd1+ 62. Rg1 Qf3+ 63. Kh2 Qf4+ 64. Qg3 Rd2+ 65. Rg2
Rxg2+ 66. Kxg2 Qxe4+ 67. Kf2 Qc2+ 68. Kf1 Qd1+ 69. Kg2 Qe2+ 70. Kg1 Qe5 71. Qf3
Qg5+ 72. Kh2 Qd2+ 73. Kg3 Qd6+ 74. Kg4 Qe6+ 75. Kh5 Qe5+ 76. Kg6 Qg5+ 77. Kf7
Qg7+ 78. Ke6 Qg8+ 79. Ke7 Qg7+ 80. Ke6 Qg8+ 1/2-1/2

[Event "Petrov Memorial Rapid 2014"]
[Site "Jurmala LAT"]
[Date "2014.02.22"]
[Round "9.4"]
[White "Meskovs, Nikita"]
[Black "Kuzmicz, Krystian"]
[Result "1-0"]
[WhiteElo "2436"]
[BlackElo "2451"]
[PlyCount "97"]
[EventDate "2014.02.21"]

1. d4 g6 2. c4 Bg7 3. Nf3 c6 4. Nc3 Nf6 5. e4 d5 6. e5 Ne4 7. Bd3 Nxc3 8. bxc3
O-O 9. h4 Bg4 10. Be3 c5 11. Qd2 dxc4 12. Bxc4 Bxf3 13. gxf3 cxd4 14. cxd4 Nc6
15. h5 e6 16. hxg6 hxg6 17. Kf1 Rc8 18. Bb3 Qa5 19. Qd3 Ne7 20. Bd2 Qb6 21. Bg5
Nf5 22. Rd1 Rc7 23. f4 Qa6 24. Kg2 Qc6+ 25. d5 exd5 26. Bxd5 Qc3 27. Qxc3 Rxc3
28. e6 Rc2 29. Rd3 Rc5 30. exf7+ Rxf7 31. Bb3 Nd4 32. Bxf7+ Kxf7 33. Rh7 Nf5
34. Rd7+ Kg8 35. Rh3 Rc2 36. Rhd3 Rxa2 37. Rd8+ Kf7 38. R3d7+ Ke6 39. Rxb7 Bd4
40. Kf3 Rxf2+ 41. Ke4 Re2+ 42. Kd3 Re3+ 43. Kd2 Ra3 44. Rc7 Be3+ 45. Kc2 Nd4+
46. Kb2 Rb3+ 47. Ka2 Rd3 48. f5+ Kxf5 49. Bxe3 1-0

[Event "Petrov Memorial Rapid 2014"]
[Site "Jurmala LAT"]
[Date "2014.02.22"]
[Round "9.5"]
[White "Sveshnikov, Vladimir"]
[Black "Lavendelis, Egons"]
[Result "1-0"]
[WhiteElo "2394"]
[BlackElo "2317"]
[PlyCount "53"]
[EventDate "2014.02.21"]

1. d4 Nf6 2. c3 g6 3. Bg5 Bg7 4. Nd2 d5 5. e3 O-O 6. Bd3 b6 7. f4 c5 8. Qf3 Bb7
9. Ne2 Qd7 10. h3 e6 11. g4 Ne8 12. O-O-O f6 13. Bh4 e5 14. e4 f5 15. gxf5 gxf5
16. dxe5 fxe4 17. Nxe4 dxe4 18. Bc4+ Kh8 19. Qg3 Qc7 20. Bd8 Qc6 21. Be7 Nd7
22. Rxd7 Qxd7 23. Bxf8 Rd8 24. Rg1 Qd2+ 25. Kb1 Rd7 26. e6 Rc7 27. e7 1-0

[Event "Petrov Memorial Rapid 2014"]
[Site "Jurmala LAT"]
[Date "2014.02.22"]
[Round "10.1"]
[White "Miezis, Normunds"]
[Black "Fedorchuk, Sergey A"]
[Result "0-1"]
[WhiteElo "2548"]
[BlackElo "2641"]
[PlyCount "118"]
[EventDate "2014.02.21"]

1. c4 Nf6 2. Nc3 e5 3. g3 Bc5 4. Bg2 O-O 5. e3 d6 6. Nge2 a6 7. O-O Nc6 8. d4
Ba7 9. b3 Re8 10. Bb2 exd4 11. Nxd4 Nxd4 12. exd4 Rb8 13. a4 Bg4 14. f3 Be6 15.
Qd2 c6 16. Kh1 d5 17. cxd5 Nxd5 18. Ne4 Ne7 19. b4 Nf5 20. Nc5 Bd5 21. Rfe1
Rxe1+ 22. Rxe1 Nd6 23. Qf4 a5 24. Bc3 axb4 25. Bxb4 Ne8 26. Nd3 h6 27. h4 Qf6
28. Bc5 Qxf4 29. Nxf4 Bxc5 30. dxc5 Nf6 31. g4 g5 32. hxg5 hxg5 33. Nd3 Ra8 34.
Re5 Nh7 35. f4 Bxg2+ 36. Kxg2 Rxa4 37. Kf3 Ra3 38. Ke2 gxf4 39. Nxf4 Nf6 40. g5
Nd7 41. Re8+ Nf8 42. Rb8 Rc3 43. Nd3 Rb3 44. Ne5 Kg7 45. Re8 Ne6 46. Nd3 Nxg5
47. Ke3 Ne6 48. Ke4 Rb5 49. Ne5 Nxc5+ 50. Kf4 Ne6+ 51. Kf5 Nc5 52. Kf4 Rb4+ 53.
Kf5 Ne6 54. Nd7 Rb5+ 55. Ne5 Rb4 56. Nd7 Rd4 57. Re7 b5 58. Ke5 Rd5+ 59. Ke4
Rxd7 0-1

[Event "Petrov Memorial Rapid 2014"]
[Site "Jurmala LAT"]
[Date "2014.02.22"]
[Round "10.2"]
[White "Aleksandrov, Aleksej"]
[Black "Meskovs, Nikita"]
[Result "1-0"]
[WhiteElo "2569"]
[BlackElo "2436"]
[PlyCount "47"]
[EventDate "2014.02.21"]

1. d4 d5 2. c4 c6 3. Nf3 Nf6 4. e3 e6 5. Bd3 Nbd7 6. O-O dxc4 7. Bxc4 Bd6 8. b3
O-O 9. Bb2 Qe7 10. Re1 e5 11. e4 b5 12. Bf1 Bb7 13. Nbd2 Rfe8 14. g3 a6 15. a4
g6 16. Qc2 Rac8 17. Rad1 c5 18. dxe5 Nxe5 19. axb5 Nxf3+ 20. Nxf3 Nxe4 21. bxa6
Bc6 22. Nd2 c4 23. Nxe4 Bxe4 24. Qc3 1-0

[Event "Petrov Memorial Rapid 2014"]
[Site "Jurmala LAT"]
[Date "2014.02.22"]
[Round "10.3"]
[White "Sveshnikov, Vladimir"]
[Black "Neiksans, Arturs"]
[Result "0-1"]
[WhiteElo "2394"]
[BlackElo "2560"]
[PlyCount "110"]
[EventDate "2014.02.21"]

1. d4 f5 2. Nc3 Nf6 3. Bg5 d5 4. e3 e6 5. Nf3 Be7 6. Bd3 c5 7. dxc5 Bxc5 8. O-O
Nc6 9. Bxf6 Qxf6 10. Nb5 O-O 11. c4 dxc4 12. Bxc4 Qe7 13. Nbd4 Bd7 14. Qb3 Bxd4
15. Nxd4 Nxd4 16. exd4 b5 17. Be2 Qd6 18. Rac1 Rac8 19. Rc3 Rxc3 20. bxc3 Bc6
21. h3 Rb8 22. Rb1 a5 23. c4 b4 24. c5 Qd5 25. Qg3 f4 26. Qg4 Qxa2 27. Rc1 Bd5
28. Qxf4 Rf8 29. Qe3 b3 30. Bd3 b2 31. Re1 Qb3 32. c6 a4 33. c7 Qb7 34. Qe5 h6
35. Qd6 Qc6 36. Qxc6 Bxc6 37. Rxe6 Bd5 38. Ra6 Rc8 39. Rxa4 Rxc7 40. Rb4 Rc3
41. Bg6 Rb3 42. Rxb3 Bxb3 43. Kf1 Ba2 44. Ke2 Kf8 45. Ke3 Ke7 46. Bc2 Kd6 47.
h4 b1=Q 48. Bxb1 Bxb1 49. h5 Kd5 50. g4 Bc2 51. f3 Bb1 52. Kf4 Kxd4 53. g5 Kd5
54. gxh6 gxh6 55. Kg4 Ke5 0-1

[Event "Petrov Memorial Rapid 2014"]
[Site "Jurmala LAT"]
[Date "2014.02.22"]
[Round "10.4"]
[White "Dobrov, Vladimir"]
[Black "Maiorov, Nikita1"]
[Result "1-0"]
[WhiteElo "2511"]
[BlackElo "2529"]
[PlyCount "93"]
[EventDate "2014.02.21"]

1. d4 Nf6 2. c4 e6 3. Nf3 b6 4. Nc3 Bb4 5. Qc2 Bb7 6. a3 Bxc3+ 7. Qxc3 O-O 8.
e3 d5 9. b3 Nbd7 10. Bb2 c5 11. Be2 cxd4 12. Qxd4 Nc5 13. Qc3 Nce4 14. Qc2 Rc8
15. a4 dxc4 16. bxc4 Nd6 17. Rd1 Qc7 18. Ng5 Nde4 19. h4 e5 20. Bd3 Nc5 21.
Bxh7+ Kh8 22. Bf5 Bxg2 23. Rg1 Bc6 24. Bxc8 Bxa4 25. Qf5 Bxd1 26. Bxe5 Qxe5 27.
Qxe5 Nd3+ 28. Kxd1 Nxe5 29. Ba6 g6 30. f4 Ned7 31. Ke2 Kg7 32. Bb7 Nc5 33. Bf3
Rh8 34. Ra1 a5 35. Rb1 Nfd7 36. h5 f6 37. Ne4 Nxe4 38. Bxe4 gxh5 39. Bf5 Nc5
40. Rxb6 Ra8 41. Rb5 Na4 42. Kd2 Ra6 43. Kc2 Nb6 44. Bd3 Kh6 45. Be2 h4 46.
Rh5+ Kg7 47. c5 1-0

[Event "Petrov Memorial Rapid 2014"]
[Site "Jurmala LAT"]
[Date "2014.02.22"]
[Round "10.5"]
[White "Megaranto, Susanto"]
[Black "Starostits, Ilmars"]
[Result "0-1"]
[WhiteElo "2529"]
[BlackElo "2467"]
[PlyCount "128"]
[EventDate "2014.02.21"]

1. d4 d5 2. Nf3 Nc6 3. Bf4 Bf5 4. e3 e6 5. Bd3 Bg6 6. O-O Bd6 7. Bg3 Nge7 8. c4
dxc4 9. Bxc4 Nf5 10. Nc3 Nxg3 11. hxg3 O-O 12. Bd3 Bh5 13. Qb1 h6 14. Be4 f5
15. Bxc6 bxc6 16. Qc2 c5 17. dxc5 Bxc5 18. Nb5 Bb6 19. Rac1 Qd5 20. Nc3 Qa5 21.
Qb3 Rfe8 22. Rfd1 Bf7 23. Qb5 e5 24. Qxa5 Bxa5 25. b3 a6 26. Nd5 e4 27. Nh4 Re5
28. Nxf5 Rae8 29. Nxh6+ gxh6 30. Nf6+ Kg7 31. Nxe8+ Bxe8 32. Rc4 c5 33. Rd6 Bb5
34. Rc1 Bc7 35. Rdd1 Bd3 36. f3 Bb6 37. fxe4 c4 38. Kf2 Rxe4 39. Re1 Ba5 40.
Red1 Bb6 41. Re1 cxb3 42. axb3 Bb5 43. Kf3 Re6 44. g4 Bc6+ 45. Kg3 Bd5 46. b4
Rxe3+ 47. Rxe3 Bxe3 48. Rd1 Bc4 49. Rd6 Bb5 50. Kf3 Bg5 51. Rd4 Kf6 52. g3 Ke5
53. Rd1 Bc6+ 54. Ke2 Be7 55. Rc1 Bb5+ 56. Kf2 Bxb4 57. Rh1 Bc5+ 58. Ke1 Be3 59.
Rh2 Ke4 60. Rb2 Kf3 61. Rb3 Ke4 62. Rb4+ Kd3 63. Rb3+ Kd4 64. Rb4+ Kc3 0-1

[Event "Petrov Memorial Rapid 2014"]
[Site "Jurmala LAT"]
[Date "2014.02.23"]
[Round "11.1"]
[White "Fedorchuk, Sergey A"]
[Black "Neiksans, Arturs"]
[Result "1/2-1/2"]
[WhiteElo "2641"]
[BlackElo "2560"]
[PlyCount "77"]
[EventDate "2014.02.21"]

1. e4 c5 2. Nf3 e6 3. d4 cxd4 4. Nxd4 a6 5. Be2 Nf6 6. Nc3 Bb4 7. Qd3 d6 8. O-O
Nbd7 9. Nb3 O-O 10. Bg5 Qc7 11. a4 b6 12. Na2 Bc5 13. Bf4 e5 14. Bg3 Bb7 15.
Bf3 Rfd8 16. Rfd1 Nf8 17. Bh4 Qe7 18. Nc3 Ng6 19. Bxf6 Qxf6 20. g3 Rac8 21. Qe2
Bd4 22. Rd3 Bxc3 23. Rxc3 Rxc3 24. bxc3 Qe7 25. c4 a5 26. Nd2 Qc7 27. Nf1 Nf8
28. Ne3 Ne6 29. Bg2 Nc5 30. Nd1 Bc6 31. Nc3 Qd7 32. Nb5 g6 33. h4 h5 34. Kh2
Kg7 35. Qe3 Qe6 36. Qe2 Qe7 37. Nc3 Qe8 38. Nb5 Qd7 39. Qe3 1/2-1/2

[Event "Petrov Memorial Rapid 2014"]
[Site "Jurmala LAT"]
[Date "2014.02.23"]
[Round "11.3"]
[White "Ehlvest, Jaan"]
[Black "Dobrov, Vladimir"]
[Result "1-0"]
[WhiteElo "2565"]
[BlackElo "2511"]
[PlyCount "66"]
[EventDate "2014.02.21"]

1. d4 Nf6 2. Nf3 e6 3. e3 c5 4. b3 Qa5+ 5. c3 b6 6. Ne5 cxd4 7. exd4 Bb7 8. Bb2
Nc6 9. Nc4 Qh5 10. Be2 Qg6 11. Ne3 h5 12. Nd2 Bd6 13. Bf3 Rc8 14. Qe2 Be7 15.
O-O d5 16. c4 Ba6 17. Qd1 Nb4 18. Be2 Nd3 19. Bc3 Nf4 20. Bf3 Ne4 21. Bxe4 dxe4
22. f3 Bg5 23. Nxe4 Nh3+ 24. Kh1 Bxe3 25. gxh3 Rd8 26. Qd3 Bf4 27. Rg1 Qf5 28.
Rxg7 Qxh3 29. Qe2 Rh6 30. Rag1 f5 31. Rxa7 Rd7 32. Ra8+ Kf7 33. Bb4 fxe4 1-0

[Event "Petrov Memorial Rapid 2014"]
[Site "Jurmala LAT"]
[Date "2014.02.23"]
[Round "11.5"]
[White "Kiselev, Vitaliy2"]
[Black "Berzinsh, Roland"]
[Result "1-0"]
[WhiteElo "2505"]
[BlackElo "2408"]
[PlyCount "131"]
[EventDate "2014.02.21"]

1. d4 d5 2. c4 dxc4 3. e4 Nc6 4. Nf3 Bg4 5. d5 Ne5 6. Qd4 Bxf3 7. Qxe5 Bg4 8.
Bxc4 Nf6 9. f3 Bd7 10. Nc3 c6 11. dxc6 Bxc6 12. Nb5 Rc8 13. Nxa7 Nd7 14. Qc3
Ra8 15. Nxc6 bxc6 16. O-O e6 17. Kh1 Qf6 18. Qxf6 gxf6 19. Be3 Bd6 20. Rac1 Ke7
21. Rc2 Rhb8 22. b3 Ra5 23. Rd1 c5 24. Rcd2 Rb6 25. b4 cxb4 26. Bxb6 Nxb6 27.
Rxd6 Nxc4 28. Rd7+ Kf8 29. Rb7 Rxa2 30. Rxb4 Ne3 31. Rg1 f5 32. exf5 Nxf5 33.
Re1 h5 34. h4 Kg7 35. Kh2 Kf6 36. Kh3 Ra3 37. Rbe4 Rb3 38. Ra4 Rc3 39. Rea1 Rb3
40. R4a3 Rb4 41. g3 Rb2 42. g4 Ne7 43. gxh5 Nd5 44. Rg1 e5 45. Ra4 Nf4+ 46.
Rxf4+ exf4 47. h6 Rb8 48. Rg5 Rh8 49. Rh5 Kg6 50. Kg4 Rh7 51. Rg5+ Kf6 52. Rf5+
Kg6 53. Rg5+ Kf6 54. Kxf4 Rxh6 55. Kg4 Rh8 56. Rf5+ Kg6 57. h5+ Kg7 58. Kg5 Ra8
59. h6+ Kg8 60. Kh5 Ra1 61. Rg5+ Kh8 62. Rg7 Rh1+ 63. Kg5 Rg1+ 64. Kf6 Rh1 65.
Kxf7 Rxh6 66. Rg4 1-0

[Event "Petrov Memorial Rapid 2014"]
[Site "Jurmala LAT"]
[Date "2014.02.23"]
[Round "12.2"]
[White "Aleksandrov, Aleksej"]
[Black "Kiselev, Vitaliy2"]
[Result "1-0"]
[WhiteElo "2569"]
[BlackElo "2505"]
[PlyCount "77"]
[EventDate "2014.02.21"]

1. d4 Nf6 2. c4 e6 3. Nc3 d5 4. cxd5 exd5 5. Bg5 Nbd7 6. e3 Be7 7. Bd3 O-O 8.
Nge2 Re8 9. Qc2 Nf8 10. O-O c6 11. f3 Be6 12. Bh4 Rc8 13. Rad1 a6 14. Kh1 b5
15. a3 Ng6 16. Bf2 c5 17. Qb1 Qb6 18. Bc2 Bf8 19. Bg1 Qb7 20. dxc5 Bxc5 21. Nd4
Ne5 22. e4 Bxa3 23. Nxe6 fxe6 24. bxa3 Rxc3 25. Bd4 Rxc2 26. Qxc2 Nc4 27. exd5
Nxd5 28. Qb3 Qe7 29. a4 Na5 30. Qd3 bxa4 31. Qxa6 Qb4 32. Rfe1 Kf7 33. Qd3 Nb3
34. Be5 g6 35. Re4 Qc5 36. Rxa4 Nc1 37. Qc4 Qxc4 38. Rxc4 Nb3 39. Rb1 1-0

[Event "Petrov Memorial Rapid 2014"]
[Site "Jurmala LAT"]
[Date "2014.02.23"]
[Round "12.3"]
[White "Neiksans, Arturs"]
[Black "Miezis, Normunds"]
[Result "1/2-1/2"]
[WhiteElo "2560"]
[BlackElo "2548"]
[PlyCount "265"]
[EventDate "2014.02.21"]

1. e4 c5 2. Nf3 e6 3. d4 cxd4 4. Nxd4 a6 5. Be2 Nf6 6. Nc3 Qc7 7. O-O Bc5 8.
Nb3 Ba7 9. a4 h5 10. h3 Nc6 11. Kh1 d6 12. Bg5 Ng4 13. Bxg4 hxg4 14. Qxg4 f6
15. Be3 Bxe3 16. fxe3 Ne5 17. Qe2 Bd7 18. Nd4 Rc8 19. Nd1 Qc4 20. Qe1 Qc5 21.
Nf2 Ke7 22. Nd3 Qc4 23. Qd2 g5 24. b3 Qc3 25. Rad1 Qxd2 26. Rxd2 g4 27. Nf4 Rc3
28. Re1 Rh7 29. Kg1 gxh3 30. gxh3 Nc6 31. Nf5+ Kd8 32. Nxd6 Ne5 33. Kf2 Kc7 34.
Red1 b6 35. Re1 Rc6 36. Red1 Rc3 37. Ke2 Rg7 38. Nxe6+ Bxe6 39. Ne8+ Kb7 40.
Nxg7 Bxh3 41. Rh1 Bg4+ 42. Kf2 Nf3 43. Rd6 Ng5 44. Rd4 Bf3 45. Rc1 Bxe4 46. Ne6
Nxe6 47. Rxe4 Nc5 48. Rc4 Rxc4 49. bxc4 Nxa4 50. Ke2 Nc5 51. Rf1 Nd7 52. Kd3
Kc6 53. Kd4 Kd6 54. Ra1 a5 55. Rf1 Ke6 56. Rh1 Ne5 57. Rb1 Nd7 58. c5 bxc5+ 59.
Kc3 Kd5 60. Ra1 Ke4 61. Kd2 Nb6 62. Ke2 a4 63. Ra3 f5 64. Ra1 c4 65. Kd2 Kf3
66. Rf1+ Ke4 67. Ra1 Kf3 68. Rf1+ Ke4 69. Rf4+ Ke5 70. Rh4 a3 71. Rh1 Nd5 72.
Ra1 c3+ 73. Ke2 f4 74. exf4+ Nxf4+ 75. Kd1 Kd4 76. Rxa3 Nd5 77. Ra4+ Kc5 78.
Ra8 Nb4 79. Rc8+ Kd4 80. Kc1 Na2+ 81. Kd1 Nb4 82. Rc7 Nd5 83. Ra7 Ne3+ 84. Kc1
Nd5 85. Ra4+ Kc5 86. Re4 Nb4 87. Kd1 Kb5 88. Re8 Kc4 89. Rc8+ Kd4 90. Rb8 Kc4
91. Rh8 Kd4 92. Rh4+ Kc5 93. Rh2 Kb5 94. Re2 Kc4 95. Ke1 Kb5 96. Kf2 Ka4 97.
Ke3 Ka3 98. Kd4 Kb2 99. Kc4 Na2 100. Rh2 Nc1 101. Kd4 Na2 102. Kc4 Nc1 103. Rg2
Na2 104. Rh2 Nc1 105. Rh3 Na2 106. Rh8 Nc1 107. Rh2 Na2 108. Rf2 Nc1 109. Rf8
Na2 110. Ra8 Nc1 111. Rg8 Na2 112. Rg3 Kxc2 113. Rg2+ Kd1 114. Kd3 Nb4+ 115.
Kxc3 Nd5+ 116. Kd4 Nf4 117. Rf2 Ne2+ 118. Kd3 Nc1+ 119. Kc3 Ne2+ 120. Kd3 Nc1+
121. Ke3 Nb3 122. Rb2 Nc1 123. Rd2+ Ke1 124. Rd8 Ne2 125. Ra8 Nc1 126. Rc8 Kd1
127. Rc7 Nb3 128. Rb7 Kc2 129. Rc7+ Kb2 130. Kd3 Nc1+ 131. Kc4 Kc2 132. Rh7 Kd2
133. Rh2+ 1/2-1/2

[Event "Petrov Memorial Rapid 2014"]
[Site "Jurmala LAT"]
[Date "2014.02.23"]
[Round "12.5"]
[White "Maiorov, Nikita1"]
[Black "Starostits, Ilmars"]
[Result "1-0"]
[WhiteElo "2529"]
[BlackElo "2467"]
[PlyCount "39"]
[EventDate "2014.02.21"]

1. d4 d5 2. c4 dxc4 3. Nf3 c6 4. e3 Be6 5. Be2 Nf6 6. O-O Nbd7 7. Nbd2 Nb6 8.
Qc2 Bg4 9. Nxc4 Nxc4 10. Qxc4 e6 11. b4 Be7 12. b5 Rc8 13. h3 Bh5 14. bxc6 bxc6
15. Qa4 O-O 16. Ba3 Bxa3 17. Qxa3 Rc7 18. Rac1 Ne4 19. Rfe1 Qf6 20. Qa5 1-0

[Event "Petrov Memorial Rapid 2014"]
[Site "Jurmala LAT"]
[Date "2014.02.23"]
[Round "13.2"]
[White "Dobrov, Vladimir"]
[Black "Fedorchuk, Sergey A"]
[Result "0-1"]
[WhiteElo "2511"]
[BlackElo "2641"]
[PlyCount "60"]
[EventDate "2014.02.21"]

1. Nf3 Nf6 2. c4 e6 3. Nc3 Bb4 4. Qc2 c5 5. a3 Ba5 6. g4 d6 7. g5 Nfd7 8. b4
cxb4 9. axb4 Bxb4 10. Bb2 Nc6 11. Ne4 e5 12. Rg1 Nc5 13. Nc3 Ne7 14. h4 Bf5 15.
d3 a5 16. h5 O-O 17. e4 Bd7 18. d4 exd4 19. Nxd4 a4 20. O-O-O a3 21. Ba1 Qa5
22. Ndb5 a2 23. Rxd6 Rfd8 24. h6 Bxb5 25. Nxb5 Rxd6 26. Nxd6 Rd8 27. e5 Qa3+
28. Kd1 Nb3 29. Bd3 Nxa1 30. g6 fxg6 0-1